Rotterdam-The Hague Airport Destinations - Statistics

General Stats
  • This quiz has been taken 50 times
  • The average score is 24 of 46
Answer Stats
Country City % Correct
United Kingdom London
86%
Portugal Lisbon
84%
Spain Barcelona-Girona
81%
Croatia Split
81%
Croatia Dubrovnik
78%
France Grenoble-Lyon
78%
Italy Milan-Bergamo
78%
Italy Rome (Fiumicino)
78%
Austria Salzburg
78%
Austria Innsbruck
76%
Spain Barcelona
70%
Greece Heraklion
70%
Morocco Marrakesh
70%
Spain Valencia
70%
Spain Málaga
68%
Turkey Antalya
62%
Morocco Fes
62%
Portugal Faro
59%
Spain Ibiza
59%
Greece Rhodes
59%
Spain Tenerife
59%
Spain Alicante
57%
Greece Kos
57%
Italy Palermo
57%
Spain Palma de Mallorca
57%
United Kingdom Edinburgh
51%
Greece Corfu
49%
Croatia Zadar
49%
Spain Gran Canaria
46%
Spain Lanzarote
43%
Croatia Pula
43%
France Montpellier
41%
Greece Zakynthos
41%
Italy Brindisi
32%
Spain Fuerteventura
30%
Morocco Nador
30%
Spain Almería
27%
Morocco Oujda
24%
Morocco Al Hoceima
19%
Finland Kittilä
19%
France Toulon
19%
France Bastia
16%
France Bergerac
14%
Turkey Kayseri
14%
Italy Perugia
8%
Finland Kuusamo
5%
No matching quizzes found
Score Distribution
Percent of People with Each Score
Percentile by Number Answered
Your Score History
You have not taken this quiz